[Event "Lichtenberger Sommer 2016"]
[Site "?"]
[Date "2016.08.14"]
[Round "2.29"]
[White "Barath M"]
[Black "Keusch, Horst"]
[Result "1-0"]
[WhiteElo "2107"]
[BlackElo "1973"]
[PlyCount "43"]
[EventDate "2016.??.??"]
[WhiteTeam "SC Zugzwang 95 (Berlin)"]
[BlackTeam "SC Eintracht Berlin"]

1. d4 Nf6 2. c4 e6 3. Nc3 Bb4 4. a3 Bxc3+ 5. bxc3 b6 6. f3 d5 7. e3 O-O 8. cxd5
exd5 9. Bd3 c5 10. Ne2 c4 11. Bc2 Re8 12. O-O Nc6 13. Ng3 Qc7 14. e4 dxe4 15.
fxe4 Bg4 16. Qe1 Rad8 17. Bg5 Qd7 18. h3 Bxh3 19. Bxf6 gxf6 20. Nh5 Kh8 21.
Nxf6 Qe7 22. Qh4 1-0

[Event "Lichtenberger Sommer 2016"]
[Site "?"]
[Date "2016.08.14"]
[Round "2.30"]
[White "Hesse, Henrik"]
[Black "Amelang, Thomas"]
[Result "0-1"]
[WhiteElo "1903"]
[BlackElo "2169"]
[PlyCount "106"]
[EventDate "2016.??.??"]
[WhiteTeam "SV Mattnetz Berlin"]
[BlackTeam "SK Siemens München"]

1. d4 c5 2. dxc5 Qa5+ 3. Nc3 Qxc5 4. Nf3 Nf6 5. e4 d6 6. Be2 g6 7. Nd4 Bg7 8.
Be3 Qa5 9. O-O O-O 10. Nb3 Qd8 11. f3 Nc6 12. Qd2 Be6 13. Nd4 Nxd4 14. Bxd4 Qa5
15. Qe3 Nd7 16. f4 Bxd4 17. Qxd4 Qb6 18. Nb5 Rfc8 19. Qxb6 Nxb6 20. Nd4 Bc4 21.
Rf2 Bxe2 22. Rxe2 a6 23. Nf3 Rc4 24. c3 Rac8 25. Rd1 R4c5 26. e5 d5 27. Nd4 Nd7
28. Rde1 Nb6 29. g4 a5 30. f5 a4 31. a3 Nc4 32. g5 Ra5 33. e6 f6 34. gxf6 exf6
35. fxg6 hxg6 36. e7 Ne5 37. Kg2 Re8 38. Nf3 Nd3 39. Nd4 Nxe1+ 40. Rxe1 Kf7 41.
Re6 Ra6 42. Rxa6 bxa6 43. Nc6 Ke6 44. Nb4 a5 45. Nc6 Kd6 46. Nxa5 Rxe7 47. b4
Re2+ 48. Kf3 Rc2 49. c4 Rc3+ 50. Ke2 dxc4 51. Kd2 Rd3+ 52. Kc2 Kd5 53. b5 Rb3
0-1

[Event "Lichtenberger Sommer 2016"]
[Site "?"]
[Date "2016.08.14"]
[Round "2.31"]
[White "Jaeger, Andre"]
[Black "Hansch, Stephan"]
[Result "0-1"]
[WhiteElo "1949"]
[BlackElo "2126"]
[PlyCount "80"]
[EventDate "2016.??.??"]
[WhiteTeam "SC Rochade (Berlin)"]
[BlackTeam "SC Empor Potsdam"]

1. d4 Nf6 2. c4 c5 3. Nf3 cxd4 4. Nxd4 e5 5. Nb5 d5 6. cxd5 Bc5 7. N5c3 O-O 8.
e3 e4 9. a3 Qe7 10. Nd2 Rd8 11. b4 Bd6 12. Bb2 Bf5 13. h3 Be5 14. g4 Bg6 15. h4
h6 16. h5 Bh7 17. g5 hxg5 18. h6 gxh6 19. Rxh6 Kg7 20. Rh1 Nbd7 21. Qb3 a5 22.
Rd1 axb4 23. axb4 Nb6 24. Nc4 Nxc4 25. Bxc4 Rac8 26. d6 Rxd6 27. Rxd6 Qxd6 28.
Nb5 Qe7 29. Bxe5 Qxe5 30. Nd4 Qc7 31. Be2 Qc1+ 32. Qd1 Nd5 33. Bg4 Rc4 34. b5
Qb2 35. Nf5+ Bxf5 36. Qxd5 Rc1+ 37. Bd1 Qc3+ 38. Qd2 Rxd1+ 39. Kxd1 Bg4+ 40.
Ke1 Qa1+ 0-1

[Event "Lichtenberger Sommer 2016"]
[Site "?"]
[Date "2016.08.14"]
[Round "2.32"]
[White "Möller, Dustin"]
[Black "Seitz, Patrick"]
[Result "0-1"]
[WhiteElo "1985"]
[BlackElo "1745"]
[PlyCount "106"]
[EventDate "2016.??.??"]
[WhiteTeam "Eckernförder SC"]
[BlackTeam "SR Heuberg-Gosheim"]

1. d4 d5 2. Nf3 e6 3. c4 Nf6 4. Nc3 c6 5. cxd5 exd5 6. Bg5 Be7 7. e3 Bf5 8. Bd3
Bxd3 9. Qxd3 Nbd7 10. O-O O-O 11. Rfd1 Re8 12. Rab1 Bd6 13. b4 a6 14. a4 h6 15.
Bh4 g5 16. Bg3 Bxg3 17. hxg3 Ne4 18. Nd2 f5 19. Ncxe4 fxe4 20. Qb3 Nf6 21. b5
axb5 22. axb5 Rb8 23. Rdc1 Qd6 24. Qb4 Qxb4 25. Rxb4 cxb5 26. Rxb5 Rec8 27.
Rcc5 Rxc5 28. dxc5 Rc8 29. Nb3 Nd7 30. Kf1 Rc7 31. Ke2 Kf7 32. Kd2 Kf6 33. Kc3
Ke5 34. Kb4 Nb8 35. Ka5 Nc6+ 36. Kb6 Rf7 37. Na5 Nd8 38. Rb2 Rf6+ 39. Kb5 h5
40. Ka4 Ra6 41. Kb5 Rf6 42. Ka4 Ra6 43. Rb6 Rxb6 44. cxb6 d4 45. exd4+ Kxd4 46.
Kb4 Kd3 47. Kc5 Ke2 48. Kd4 Kxf2 49. Kxe4 Kxg3 50. Kf5 g4 51. Nc4 Kxg2 52. Kg5
Kf2 53. Nd6 Nf7+ 0-1

[Event "Lichtenberger Sommer 2016"]
[Site "?"]
[Date "2016.08.14"]
[Round "2.33"]
[White "Schubert, Joachim"]
[Black "Nötzel, Felix"]
[Result "0-1"]
[WhiteElo "1889"]
[BlackElo "2212"]
[PlyCount "100"]
[EventDate "2016.??.??"]
[WhiteTeam "SC Friesen Lichtenberg"]
[BlackTeam "SF 1903 Berlin"]

1. e4 e5 2. Nf3 Nc6 3. Bb5 a6 4. Ba4 b5 5. Bb3 Bc5 6. c3 d6 7. h3 Nf6 8. O-O
O-O 9. d4 Bb6 10. Be3 h6 11. Nbd2 Bb7 12. Re1 Re8 13. d5 Ne7 14. Bxb6 cxb6 15.
Nf1 Ng6 16. Re3 Nf4 17. Kh2 Bc8 18. Ng1 Qd7 19. Qd2 Ra7 20. Rae1 Rc7 21. Bd1
Kh7 22. Rg3 Qe7 23. Bf3 h5 24. Bd1 h4 25. Rge3 Rh8 26. g4 hxg3+ 27. fxg3 Ng6
28. Kg2 Kg8 29. Nh2 Bd7 30. Bf3 Qd8 31. Qe2 Qc8 32. h4 b4 33. Rc1 Bb5 34. Qd1
Bd7 35. h5 Nf8 36. g4 N8h7 37. Nh3 Nxh5 38. Nf1 N7f6 39. Nh2 Nf4+ 40. Nxf4 exf4
41. Rd3 Bb5 42. Rd2 bxc3 43. Rdc2 Ba4 44. b3 Bd7 45. Qd4 Bxg4 46. Nxg4 Nxg4 47.
Rxc3 Ne3+ 48. Kg1 Qh3 49. Kf2 Qg3+ 50. Ke2 Rh2+ 0-1

[Event "Lichtenberger Sommer 2016"]
[Site "?"]
[Date "2016.08.14"]
[Round "2.34"]
[White "Brümmel, Arend"]
[Black "Merz, Rüdiger"]
[Result "1-0"]
[WhiteElo "2152"]
[BlackElo "1908"]
[PlyCount "53"]
[EventDate "2016.??.??"]
[WhiteTeam "Stader SV"]
[BlackTeam "SK Zehlendorf"]

1. d4 Nf6 2. c4 e6 3. Nc3 Bb4 4. e3 c5 5. Bd3 O-O 6. Nf3 d5 7. a3 cxd4 8. axb4
dxc3 9. c5 cxb2 10. Bxb2 Ne4 11. Qc2 f5 12. O-O Nd7 13. Bd4 Qc7 14. Qb2 Ndf6
15. Ne5 Ne8 16. Rfc1 N4f6 17. b5 a6 18. c6 bxc6 19. Rxc6 Qb7 20. Rb6 Qe7 21.
bxa6 Nc7 22. Rc6 Qd8 23. Bb6 Nfe8 24. Rac1 Bxa6 25. Bxc7 Nxc7 26. Rxc7 Bxd3 27.
Nxd3 1-0

[Event "Lichtenberger Sommer 2016"]
[Site "?"]
[Date "2016.08.14"]
[Round "2.35"]
[White "Stark, Ingo"]
[Black "Werner, Justus"]
[Result "0-1"]
[WhiteElo "2183"]
[BlackElo "1937"]
[PlyCount "90"]
[EventDate "2016.??.??"]
[WhiteTeam "TSG Oberschöneweide"]
[BlackTeam "SG Stadtilm"]

1. e4 c5 2. Nf3 d6 3. d4 cxd4 4. Nxd4 Nf6 5. Nc3 a6 6. h3 e5 7. Nde2 Be6 8. f4
Qc7 9. g4 h6 10. Be3 Be7 11. Bg2 Nc6 12. Nd5 Bxd5 13. exd5 Na5 14. b3 Nd7 15.
O-O b5 16. a4 b4 17. Qd2 Rb8 18. Rad1 O-O 19. Ng3 Rfc8 20. Be4 Bf8 21. Qf2 Nb7
22. fxe5 Nxe5 23. Bb6 Qc3 24. Bd4 Qc7 25. Bb6 Qc3 26. Bf5 Re8 27. g5 Nc5 28.
Bxc5 Qxc5 29. gxh6 Qxf2+ 30. Rxf2 g6 31. h7+ Kxh7 32. Be4 f5 33. Bg2 Rbc8 34.
Bf1 a5 35. h4 Ng4 36. Re2 Rxe2 37. Bxe2 Rxc2 38. h5 Bg7 39. hxg6+ Kxg6 40. Bc4
Rb2 41. Ne2 Be5 42. Rc1 Kg5 43. Kg2 Bf4 44. Rg1 Be3 45. Re1 Ne5 0-1

[Event "Lichtenberger Sommer 2016"]
[Site "?"]
[Date "2016.08.14"]
[Round "2.36"]
[White "Bladt, Johannes"]
[Black "Roth, Josef"]
[Result "0-1"]
[WhiteElo "1874"]
[BlackElo "2091"]
[PlyCount "94"]
[EventDate "2016.??.??"]
[WhiteTeam "SK Singen"]
[BlackTeam "SK König Tegel"]

1. e4 c5 2. Nf3 Nc6 3. d4 cxd4 4. Nxd4 Qc7 5. Be2 e6 6. Be3 Nf6 7. Nxc6 bxc6 8.
f3 d5 9. exd5 cxd5 10. O-O Bd6 11. Nc3 Bxh2+ 12. Kh1 Bf4 13. Qd2 Bxe3 14. Qxe3
O-O 15. Bd3 Bd7 16. g4 Qg3 17. Rae1 Rab8 18. b3 Bc6 19. Qxa7 Qh3+ 20. Kg1 h5
21. gxh5 Qg3+ 22. Kh1 Qh3+ 23. Kg1 Qg3+ 24. Kh1 Nxh5 25. Re2 Rb4 26. Rg2 Rh4+
27. Kg1 Qe5 28. Qf2 Qf6 29. Ne2 g6 30. Rg4 Rxg4+ 31. fxg4 Qg5 32. Qg2 Ng7 33.
a4 e5 34. Qg3 Ne6 35. Kh2 Kg7 36. Kg2 d4+ 37. Kf2 Nc5 38. Ke1 Bd5 39. a5 Ra8
40. b4 Na4 41. Bb5 Nc3 42. Nxc3 dxc3 43. Qxc3 Be6 44. Be2 Rc8 45. Qb2 Rd8 46.
Qc3 Rd4 47. Rh1 Qc1+ 0-1

[Event "Lichtenberger Sommer 2016"]
[Site "?"]
[Date "2016.08.14"]
[Round "2.37"]
[White "Schliebener, Stephan"]
[Black "Muskewitz, Bernd"]
[Result "1-0"]
[WhiteElo "2207"]
[BlackElo "1951"]
[PlyCount "77"]
[EventDate "2016.??.??"]
[WhiteTeam "BSV 63 Chemie Weißensee"]
[BlackTeam "SV Mattnetz Berlin"]

1. c4 e5 2. g3 Nf6 3. Bg2 Nc6 4. Nc3 Bb4 5. a3 Bxc3 6. bxc3 O-O 7. d3 Re8 8. e4
b6 9. Nf3 Bb7 10. Nh4 h6 11. O-O d6 12. h3 Ne7 13. f4 exf4 14. gxf4 Rb8 15. Qf3
Kh7 16. Kh2 Rg8 17. Rg1 Qd7 18. Qf2 Qe6 19. Nf3 Nd7 20. Nd4 Qf6 21. Bf3 Nc5 22.
Qf1 Nc6 23. Be3 Nxd4 24. cxd4 Nb3 25. e5 dxe5 26. Bxb7 Rxb7 27. fxe5 Qe7 28.
Rb1 Na5 29. Qf5+ Kh8 30. Qh5 Qf8 31. Rbf1 c6 32. Bxh6 gxh6 33. Rf6 Rxg1 34.
Rxh6+ Qxh6 35. Qxh6+ Kg8 36. Kxg1 Rd7 37. Qg5+ Kf8 38. Qf6 Re7 39. Qh8# 1-0

[Event "Lichtenberger Sommer 2016"]
[Site "?"]
[Date "2016.08.14"]
[Round "2.38"]
[White "Schmidt, Jürgen"]
[Black "Schulz, Michael"]
[Result "0-1"]
[WhiteElo "1944"]
[BlackElo "2120"]
[PlyCount "66"]
[EventDate "2016.??.??"]
[WhiteTeam "SC Kreuzberg"]
[BlackTeam "SC Zitadelle Spandau"]

1. e4 g6 2. d4 Bg7 3. Nf3 c6 4. Nc3 d5 5. exd5 cxd5 6. Bb5+ Nc6 7. O-O Bg4 8.
h3 Bxf3 9. Qxf3 e6 10. Re1 Nge7 11. Bg5 O-O 12. Bxc6 bxc6 13. Rad1 Rb8 14. Na4
h6 15. Bxe7 Qxe7 16. a3 a5 17. c3 Qa7 18. Qe2 Rb5 19. Nc5 e5 20. a4 Rbb8 21.
Qd2 exd4 22. cxd4 Rb4 23. Qc3 Rfb8 24. b3 Bf8 25. Rb1 Bxc5 26. dxc5 d4 27. Qc2
Rd8 28. Re5 d3 29. Qd2 Qb8 30. Re7 Rxb3 31. Rxb3 Qxb3 32. Qxa5 Qd5 33. Re5 d2
0-1

[Event "Lichtenberger Sommer 2016"]
[Site "?"]
[Date "2016.08.14"]
[Round "2.39"]
[White "Dathe, Frederick"]
[Black "Jahn, Thomas"]
[Result "0-1"]
[WhiteElo "1884"]
[BlackElo "2195"]
[PlyCount "86"]
[EventDate "2016.??.??"]
[WhiteTeam "SC Kreuzberg"]
[BlackTeam "SV Empor Berlin"]

1. Nf3 Nf6 2. c4 g6 3. d4 Bg7 4. g3 O-O 5. Bg2 d6 6. Nc3 Nc6 7. O-O e5 8. e4
Bg4 9. d5 Nd4 10. Qd3 Nd7 11. Nxd4 exd4 12. Ne2 Ne5 13. Qd2 Nxc4 14. Qc2 Nxb2
15. Bxb2 d3 16. Qxd3 Bxb2 17. Rab1 Qf6 18. Qc2 Ba3 19. Rxb7 Bc5 20. Rb3 a5 21.
a4 Rab8 22. Nf4 Bd7 23. Rxb8 Rxb8 24. Nd3 Bb6 25. Qc4 h5 26. h3 Qd4 27. Rc1 Qf6
28. Rf1 h4 29. g4 Kg7 30. Kh1 Bc8 31. f4 Qd4 32. Qxd4+ Bxd4 33. Rd1 Ba6 34. Bf1
Be3 35. f5 gxf5 36. gxf5 Rb3 37. Nc1 Bxc1 38. Bxa6 Rxh3+ 39. Kg2 Rg3+ 40. Kf2
Be3+ 41. Ke2 Bc5 42. Bd3 h3 43. Rh1 Bg1 0-1

[Event "Lichtenberger Sommer 2016"]
[Site "?"]
[Date "2016.08.14"]
[Round "2.40"]
[White "Koop, Thilo"]
[Black "Freimuth, Dominik Stefan"]
[Result "1-0"]
[WhiteElo "2156"]
[BlackElo "1838"]
[PlyCount "117"]
[EventDate "2016.??.??"]
[WhiteTeam "Lübecker SV"]
[BlackTeam "SF Birkenfeld"]

1. e4 e6 2. b3 d5 3. Bb2 dxe4 4. Nc3 Nf6 5. Qe2 Bd7 6. Nxe4 Nxe4 7. Qxe4 Bc6 8.
Qg4 Nd7 9. O-O-O Nf6 10. Qg5 h6 11. Qa5 Qd5 12. Qxd5 Bxd5 13. f3 O-O-O 14. Ne2
Be7 15. Nc3 Bc6 16. Bb5 Bxb5 17. Nxb5 c6 18. Nc3 Rhg8 19. Rhe1 Nd5 20. Ne4 Nf4
21. g3 Nh3 22. Re2 Ng5 23. Nc3 Bf6 24. f4 Nf3 25. Rf2 Nd4 26. Ne4 Be7 27. Re1
h5 28. Ng5 Bc5 29. Rff1 Rd7 30. h3 Rgd8 31. g4 hxg4 32. hxg4 f6 33. Bxd4 Ba3+
34. Bb2 Bxb2+ 35. Kxb2 fxg5 36. fxg5 Rxd2 37. Rxe6 R8d7 38. Rf8+ Rd8 39. Rf7
R2d7 40. g6 Kc7 41. g5 b6 42. a4 Kc8 43. Rxc6+ Kb7 44. Re6 Kc7 45. Ka2 Kc8 46.
Ka3 Kc7 47. c4 Kc8 48. Kb4 Rc7 49. Ree7 Rxe7 50. Rxe7 Rd7 51. Rxd7 Kxd7 52. Kb5
Kc7 53. Ka6 Kb8 54. b4 Ka8 55. a5 bxa5 56. Kxa5 Kb8 57. Ka6 Ka8 58. b5 Kb8 59.
c5 1-0

[Event "Lichtenberger Sommer 2016"]
[Site "?"]
[Date "2016.08.14"]
[Round "2.41"]
[White "Kievelitz, Bernd"]
[Black "Stiemerling, Wilfried"]
[Result "0-1"]
[WhiteElo "1866"]
[BlackElo "2117"]
[PlyCount "70"]
[EventDate "2016.??.??"]
[WhiteTeam "SC Zitadelle Spandau"]
[BlackTeam "BSG Pneumant Fürstenwalde"]

1. Nf3 Nf6 2. c4 e6 3. Nc3 Bb4 4. g4 O-O 5. g5 Ne8 6. d3 b6 7. Rg1 Bb7 8. Bg2
c5 9. a3 Bxc3+ 10. bxc3 d6 11. h4 Nc6 12. Nh2 f5 13. gxf6 Qxf6 14. Nf3 Qxc3+
15. Bd2 Qf6 16. Bg5 Qf7 17. Kd2 Nf6 18. Bh3 Kh8 19. Be3 Nd8 20. Ng5 Qe7 21. Bg2
d5 22. Kc2 Ng4 23. Bf3 Ne5 24. Qd2 dxc4 25. Bxb7 cxd3+ 26. exd3 Nxb7 27. Qc3
Nc6 28. Nxe6 Nd4+ 29. Bxd4 cxd4 30. Qxd4 Rac8+ 31. Kd2 Rf7 32. Ng5 Rf6 33. Rae1
Qxa3 34. Qxf6 Qa2+ 35. Ke3 gxf6 0-1

[Event "Lichtenberger Sommer 2016"]
[Site "?"]
[Date "2016.08.14"]
[Round "2.42"]
[White "Böhm, Uwe"]
[Black "Eisheh, Jens-Tarek"]
[Result "1/2-1/2"]
[WhiteElo "2138"]
[BlackElo "1828"]
[PlyCount "82"]
[EventDate "2016.??.??"]
[WhiteTeam "SK Siemens München"]
[BlackTeam "Lübecker SV"]

1. f4 d5 2. Nf3 Nf6 3. e3 g6 4. d4 Bg7 5. Bd3 O-O 6. O-O b6 7. Qe2 Bb7 8. c3 e6
9. b3 c5 10. Bb2 a6 11. a4 Nc6 12. Nbd2 Qc7 13. Ba3 Ne7 14. b4 c4 15. Bc2 b5
16. a5 Nc8 17. Ne5 Nd6 18. g4 Nfe4 19. Nxe4 dxe4 20. g5 f6 21. gxf6 Rxf6 22.
Qg2 Bd5 23. Bd1 Rff8 24. Ng4 Nf5 25. Bc1 Ra7 26. Qh3 Qe7 27. Ra2 Qh4 28. Nf2
Qxh3 29. Nxh3 Bf6 30. Re2 Rg7 31. Rg2 Nh4 32. Rg3 Nf5 33. Rg4 Nh6 34. Rg2 Nf5
35. Bd2 Bd8 36. Bc1 Be7 37. Be2 Kf7 38. Bd2 Ke8 39. Bd1 Rfg8 40. Kf2 Bh4+ 41.
Ke2 Ke7 1/2-1/2

[Event "Lichtenberger Sommer 2016"]
[Site "?"]
[Date "2016.08.14"]
[Round "2.43"]
[White "Teichert, Felix"]
[Black "Kather, Yannick"]
[Result "0-1"]
[WhiteElo "1774"]
[BlackElo "2037"]
[PlyCount "54"]
[EventDate "2016.??.??"]
[WhiteTeam "Leegebrucher SF"]
[BlackTeam "SC Weisse Dame (Berlin)"]

1. d4 Nf6 2. c4 g6 3. Nc3 d5 4. Nf3 Bg7 5. Bf4 O-O 6. e3 c5 7. Be2 Nc6 8. dxc5
Qa5 9. O-O dxc4 10. Qa4 Qxc5 11. Qxc4 Qa5 12. Qb5 Qxb5 13. Bxb5 Nb4 14. Rfd1 a6
15. Ba4 b5 16. Bb3 Bb7 17. a3 Nc6 18. Rac1 Rac8 19. h3 Na5 20. Nd2 Nxb3 21.
Nxb3 Ne4 22. Rd7 Bxc3 23. bxc3 Nxc3 24. Kf1 Bd5 25. Be5 Bc4+ 26. Ke1 Na4 27.
Na5 Nc5 0-1

[Event "Lichtenberger Sommer 2016"]
[Site "?"]
[Date "2016.08.14"]
[Round "2.44"]
[White "Federau, Jürgen"]
[Black "Schilling, Florian"]
[Result "1-0"]
[WhiteElo "2094"]
[BlackElo "1932"]
[PlyCount "53"]
[EventDate "2016.??.??"]
[WhiteTeam "SC Kreuzberg"]
[BlackTeam "vereinslos"]

1. d4 g6 2. e4 d6 3. c4 Bg7 4. Nc3 f5 5. Nf3 fxe4 6. Nxe4 Nf6 7. Bd3 Nc6 8. d5
Nxe4 9. Bxe4 Ne5 10. Nxe5 Bxe5 11. O-O e6 12. f4 Bg7 13. dxe6 Qf6 14. Qa4+ Ke7
15. Be3 Bxe6 16. Bxb7 Rab8 17. Qc6 Rbd8 18. Rae1 Rhe8 19. Qxc7+ Rd7 20. Qc6 Kf8
21. b3 Qe7 22. Ba6 Bc3 23. Rc1 Bb2 24. Rce1 Bc3 25. f5 Bxf5 26. Bh6+ Kg8 27.
Rxe7 1-0

[Event "Lichtenberger Sommer 2016"]
[Site "?"]
[Date "2016.08.14"]
[Round "2.45"]
[White "Caglar, Bertan"]
[Black "Heuser, Philip"]
[Result "0-1"]
[WhiteElo "1152"]
[BlackElo "2086"]
[PlyCount "68"]
[EventDate "2016.??.??"]
[WhiteTeam "SW Lichtenrade"]
[BlackTeam "Münchener SC"]

1. Nf3 Nf6 2. g3 b6 3. Bg2 Bb7 4. O-O e6 5. d3 c5 6. Bf4 Be7 7. Nbd2 O-O 8. e4
d5 9. Re1 Nc6 10. Ne5 Nxe5 11. Bxe5 Nd7 12. Bf4 e5 13. exd5 exf4 14. d6 Bf6 15.
Bxb7 Rb8 16. Bg2 fxg3 17. fxg3 Bxb2 18. Rb1 Bd4+ 19. Kh1 Ne5 20. Ne4 f5 21. c3
fxe4 22. cxd4 Nxd3 23. Re2 Qxd6 24. dxc5 Nf2+ 25. Rxf2 Qxd1+ 26. Rxd1 Rxf2 27.
Bxe4 bxc5 28. Kg1 Re2 29. Bf3 Reb2 30. Be4 Kf8 31. Bxh7 Rxa2 32. Rd5 Rbb2 33.
Rf5+ Ke7 34. Rf1 Rg2+ 0-1

[Event "Lichtenberger Sommer 2016"]
[Site "?"]
[Date "2016.08.14"]
[Round "2.46"]
[White "Zschäbitz, Klaus"]
[Black "Wölfert, Jürgen"]
[Result "1-0"]
[WhiteElo "2077"]
[BlackElo "1834"]
[PlyCount "81"]
[EventDate "2016.??.??"]
[WhiteTeam "Berliner SchGes Eckbauer"]
[BlackTeam "BSC Rehberge"]

1. Nf3 Nf6 2. c4 g6 3. Nc3 Bg7 4. g3 d6 5. Bg2 c6 6. O-O O-O 7. d4 Nbd7 8. h3
e5 9. e4 Qc7 10. Re1 Re8 11. d5 Nf8 12. Be3 Bd7 13. b4 cxd5 14. Nxd5 Nxd5 15.
cxd5 Qc4 16. Qb1 a5 17. bxa5 Rxa5 18. Bf1 Qa4 19. Bd2 Rc5 20. Qxb7 f5 21. Qb3
Qa8 22. Bb4 Rb8 23. Qa3 fxe4 24. Qxa8 Rxa8 25. Bxc5 exf3 26. Bxd6 e4 27. Rad1
Rxa2 28. Rxe4 g5 29. Bc5 Ba4 30. d6 Rc2 31. Rc4 Nd7 32. Rxc2 Bxc2 33. Rc1 Bf5
34. Be3 Be5 35. Rd1 h6 36. Bc4+ Kg7 37. g4 Bc2 38. Rd2 Ba4 39. Be6 Kf6 40. Bf5
Bc6 41. Ra2 1-0

[Event "Lichtenberger Sommer 2016"]
[Site "?"]
[Date "2016.08.14"]
[Round "2.47"]
[White "Rietze, Clemens"]
[Black "Schmidt, Fabian"]
[Result "1-0"]
[WhiteElo "2368"]
[BlackElo "1810"]
[PlyCount "87"]
[EventDate "2016.??.??"]
[WhiteTeam "SC Rotation Pankow"]
[BlackTeam "Königsjäger Süd-West"]

1. d4 d5 2. c4 c6 3. Nf3 Nf6 4. Nc3 e6 5. Bg5 Nbd7 6. e3 Be7 7. Qc2 O-O 8. Rd1
b6 9. Be2 Bb7 10. O-O Rc8 11. Bf4 Nh5 12. Be5 Nxe5 13. dxe5 g6 14. cxd5 cxd5
15. Qa4 a6 16. Qb3 Qc7 17. Rc1 Bd8 18. Rc2 b5 19. a4 bxa4 20. Qxa4 Qa5 21. Ra1
Qxa4 22. Rxa4 a5 23. Nd4 Ng7 24. Nb3 Ra8 25. Nb5 Ne8 26. Ra1 Bb6 27. Nc5 Bc8
28. b4 f6 29. bxa5 Bd8 30. exf6 Bxf6 31. Ra4 Be7 32. Nd4 e5 33. Nc6 Bd6 34. f3
Rf6 35. Nb4 d4 36. exd4 exd4 37. Ne4 Re6 38. Bc4 Kg7 39. Bxe6 Bxe6 40. Nxd6
Nxd6 41. Rc6 Rd8 42. Nd3 Bc4 43. Raxc4 Nxc4 44. Rxc4 1-0

[Event "Lichtenberger Sommer 2016"]
[Site "?"]
[Date "2016.08.14"]
[Round "2.48"]
[White "Krusemark, Gerhard"]
[Black "Rudakov, Aleksandr"]
[Result "0-1"]
[WhiteElo "1795"]
[BlackElo "2242"]
[PlyCount "52"]
[EventDate "2016.??.??"]
[WhiteTeam "TSG Fredersdorf/Vogelsdorf"]
[BlackTeam "Perovo Moscow"]

1. d4 Nf6 2. c4 c5 3. d5 e6 4. Nc3 exd5 5. cxd5 Bd6 6. Nf3 Bc7 7. Nb5 Ba5+ 8.
Bd2 O-O 9. Nc3 b5 10. Nxb5 Nxd5 11. e3 Ba6 12. Bc4 Nf6 13. O-O d5 14. Be2 Nbd7
15. Qa4 Bxd2 16. Qxa6 Ba5 17. Rfd1 Re8 18. Qd6 Re6 19. Qg3 a6 20. Na3 Rb8 21.
b3 Bc3 22. Rab1 Ne4 23. Qh3 Bb4 24. Nc2 Nc3 25. Bxa6 Rxa6 26. Nxb4 Rxb4 0-1

[Event "Lichtenberger Sommer 2016"]
[Site "?"]
[Date "2016.08.14"]
[Round "2.49"]
[White "Vogel, Robert"]
[Black "Christensen, Andreas"]
[Result "1-0"]
[WhiteElo "2215"]
[BlackElo "1773"]
[PlyCount "59"]
[EventDate "2016.??.??"]
[WhiteTeam "SG Pang-Rosenheim"]
[BlackTeam "Hamburger SK"]

1. d4 Nf6 2. c4 g6 3. Nc3 Bg7 4. e4 d6 5. f4 O-O 6. Nf3 c5 7. d5 e6 8. Bd3 exd5
9. cxd5 Re8 10. O-O c4 11. Bc2 Na6 12. Be3 Nb4 13. Bd4 Nxc2 14. Qxc2 Ng4 15.
Rfe1 Bxd4+ 16. Nxd4 Qf6 17. Qd2 h5 18. h3 Nh6 19. e5 dxe5 20. fxe5 Rxe5 21.
Rxe5 Qxe5 22. Re1 Qg7 23. Re8+ Kh7 24. d6 Bxh3 25. Rxa8 Bxg2 26. d7 Qf6 27.
Kxg2 Qh4 28. d8=Q Qg4+ 29. Kh2 h4 30. Qh8# 1-0

[Event "Lichtenberger Sommer 2016"]
[Site "?"]
[Date "2016.08.14"]
[Round "2.50"]
[White "Lange, Cecilia"]
[Black "Simon, Ralf-Axel"]
[Result "0-1"]
[WhiteElo "1858"]
[BlackElo "2162"]
[PlyCount "82"]
[EventDate "2016.??.??"]
[WhiteTeam "TSG Oberschöneweide"]
[BlackTeam "TSG Neuruppin"]

1. e4 c5 2. Nf3 d6 3. d4 cxd4 4. Qxd4 Nc6 5. Bb5 Bd7 6. Bxc6 Bxc6 7. Nc3 Nf6 8.
Bg5 e6 9. Qd3 Be7 10. O-O-O O-O 11. Nd4 Qa5 12. f4 Rac8 13. f5 Rfe8 14. h4 h6
15. Bd2 e5 16. Nb3 Qc7 17. Rdg1 d5 18. exd5 Nxd5 19. Nxd5 Bxd5 20. Bc3 Rcd8 21.
Qe2 f6 22. Rh3 Qb6 23. Re1 Qc6 24. g4 b6 25. Bd2 Bc4 26. Qh2 Bd3 27. Bc3 Ba6
28. Kb1 Rd5 29. Bd2 Rc8 30. Rc3 Qd7 31. Rxc8+ Bxc8 32. Rf1 a5 33. Kc1 a4 34.
Na1 Ba6 35. Re1 Rd4 36. Rg1 Qd5 37. b3 Ba3+ 38. Kd1 Bb4 39. Rg2 Qf3+ 40. Kc1
Ba3+ 41. Kb1 Qd1+ 0-1

[Event "Lichtenberger Sommer 2016"]
[Site "?"]
[Date "2016.08.14"]
[Round "2.51"]
[White "Milare, Tyron"]
[Black "Jaeschke, Jens-Uwe"]
[Result "0-1"]
[WhiteElo "1788"]
[BlackElo "2144"]
[PlyCount "86"]
[EventDate "2016.??.??"]
[WhiteTeam "Potsdamer SV"]
[BlackTeam "SF Nordost Berlin"]

1. Nf3 d5 2. d4 Nf6 3. c4 e6 4. Bg5 Be7 5. Nc3 h6 6. Bh4 O-O 7. e3 b6 8. cxd5
Nxd5 9. Bxe7 Qxe7 10. Nxd5 exd5 11. Bd3 Be6 12. O-O Nd7 13. Rc1 c5 14. b3 Rfc8
15. Qe2 a5 16. e4 Bg4 17. h3 Bxf3 18. Qxf3 cxd4 19. exd5 Qf6 20. Be4 Rc3 21.
Qf5 Qxf5 22. Bxf5 Nf6 23. Rcd1 g6 24. Bb1 Rd8 25. Rxd4 Rxd5 26. Rxd5 Nxd5 27.
Rd1 Nf4 28. f3 Kf8 29. Re1 Rc5 30. Kf2 Rd5 31. Rg1 Rd2+ 32. Ke3 Rxg2 33. Rxg2
Nxg2+ 34. Kd4 Ke7 35. Kc4 Kd6 36. Kb5 Kc7 37. Be4 Nf4 38. h4 Ng2 39. Bd5 f6 40.
h5 gxh5 41. Bf7 h4 42. Be6 Nf4 43. Bg4 h3 0-1

[Event "Lichtenberger Sommer 2016"]
[Site "?"]
[Date "2016.08.14"]
[Round "2.52"]
[White "Moser, Axel"]
[Black "Spreer, Lutz"]
[Result "1-0"]
[WhiteElo "2137"]
[BlackElo "1651"]
[PlyCount "83"]
[EventDate "2016.??.??"]
[WhiteTeam "SK Handschuhsheim"]
[BlackTeam "Burgstädter TSV"]

1. d4 d5 2. c4 Nc6 3. e3 Nf6 4. cxd5 Nxd5 5. Nf3 Bf5 6. a3 g6 7. Bc4 Bg7 8. Qb3
Na5 9. Qa4+ c6 10. Ba2 b5 11. Qd1 O-O 12. O-O b4 13. Re1 Bg4 14. e4 Bxf3 15.
Qxf3 Nb6 16. axb4 Nac4 17. Qe2 Nd6 18. Rd1 Nb5 19. e5 Nd5 20. Qc4 Qb6 21. Nc3
Rfd8 22. Na4 Qb7 23. Nc5 Qc8 24. Rd3 Qg4 25. h3 Qe4 26. Nxe4 e6 27. Bg5 Rdc8
28. Nd6 Nb6 29. Qb3 Rc7 30. Rc1 a6 31. Nxf7 Nd5 32. Nd6 h6 33. Nxb5 axb5 34.
Bd2 Ra4 35. Rg3 g5 36. Bb1 Bf8 37. Qd3 Rg7 38. Rxc6 Ra1 39. Rxe6 Bxb4 40. Bxb4
Nxb4 41. Qf5 Rf7 42. Re8+ 1-0

[Event "Lichtenberger Sommer 2016"]
[Site "?"]
[Date "2016.08.14"]
[Round "2.53"]
[White "Ziems, Michael"]
[Black "Gallien, Fabian"]
[Result "0-1"]
[WhiteElo "1802"]
[BlackElo "2146"]
[PlyCount "68"]
[EventDate "2016.??.??"]
[WhiteTeam "SV Empor Berlin"]
[BlackTeam "SW Lichtenrade"]

1. d4 d5 2. c4 dxc4 3. Nc3 a6 4. a4 Nc6 5. d5 Na5 6. Bf4 Nf6 7. e4 e6 8. dxe6
Bxe6 9. Qxd8+ Kxd8 10. O-O-O+ Kc8 11. f3 c6 12. Nge2 Bc5 13. Kc2 Nb3 14. Be5 b5
15. Nf4 Bd7 16. g3 Re8 17. Bxf6 gxf6 18. Nh5 Be7 19. Be2 Kc7 20. Rhe1 Rad8 21.
Bf1 Bc8 22. Be2 Rxd1 23. Rxd1 Rd8 24. Rxd8 Bxd8 25. Nf4 Kd6 26. Bf1 f5 27. h4
Ke5 28. Nd3+ cxd3+ 29. Kxb3 Be7 30. f4+ Kd4 31. exf5 Bxf5 32. Ka2 b4 33. Nb1
Ke3 34. g4 Be6+ 0-1

[Event "Lichtenberger Sommer 2016"]
[Site "?"]
[Date "2016.08.14"]
[Round "2.54"]
[White "Kröncke, Manfred"]
[Black "Stiemerling, Andreas"]
[Result "1-0"]
[WhiteElo "2039"]
[BlackElo "1752"]
[PlyCount "79"]
[EventDate "2016.??.??"]
[WhiteTeam "SG Glückstadt"]
[BlackTeam "SSV Rotation Berlin"]

1. e4 e6 2. d4 d5 3. exd5 exd5 4. Qf3 c6 5. Bd3 g6 6. Ne2 Bg7 7. O-O Ne7 8. Bg5
O-O 9. Nd2 f6 10. Bf4 Bf5 11. Rfe1 Bxd3 12. Qxd3 g5 13. Be3 Qd7 14. Ng3 Na6 15.
Re2 Rae8 16. Rae1 Rf7 17. Nb3 h6 18. Bd2 f5 19. Nxf5 Rxf5 20. Rxe7 Rxe7 21.
Rxe7 Qxe7 22. Qxf5 Nb4 23. Bxb4 Qxb4 24. c3 Qe7 25. Kf1 Bf8 26. Nc5 b6 27. Ne6
Qf7 28. Qxf7+ Kxf7 29. Nd8+ Kf6 30. Nxc6 a5 31. Ne5 Ke6 32. Ke2 Bd6 33. a4 Bc7
34. h3 Bd6 35. Ke3 Bc7 36. Nd3 Bd6 37. b3 Kf5 38. g4+ Ke6 39. f4 Kf6 40. c4 1-0